| 000 | 01040cam a2200289 i 4500 | ||
|---|---|---|---|
| 001 | 20942695 | ||
| 003 | ARRUPE | ||
| 005 | 20211028095906.0 | ||
| 008 | 190422s2019 caua b 000 0 eng | ||
| 010 | _a 2019019474 | ||
| 020 |
_a9781640092365 _q(hardback) |
||
| 040 |
_aDLC _beng _erda _cDLC _dDLC |
||
| 042 | _apcc | ||
| 050 | 0 | 0 |
_aQ334.7 _b.C646 2019 |
| 082 | 0 | 0 |
_a303.48/34 _223 |
| 100 | 1 |
_aColeman, Flynn, _eauthor. _950772 |
|
| 245 | 1 | 2 |
_aA human algorithm : _bhow artificial intelligence is redefining who we are / _cFlynn Coleman. |
| 250 | _aFirst hardcover edition. | ||
| 260 |
_aCalifornia _bCounterprint _c2019 |
||
| 300 |
_axxxii, 302 pages : _billustrations ; _c24 cm |
||
| 504 | _aIncludes bibliographical references. | ||
| 650 | 0 |
_aArtificial intelligence _xPhilosophy _vPopular works. _950773 |
|
| 650 | 0 |
_aArtificial intelligence _xSocial aspects _vPopular works. _950774 |
|
| 906 |
_a7 _bcbc _corignew _d1 _eecip _f20 _gy-gencatlg |
||
| 942 |
_2lcc _cMONOGRAPH |
||
| 999 |
_c131021 _d131021 |
||